[Event "Heusenstamm Schloss op"]
[Site "Heusenstamm"]
[Date "2023.11.24"]
[Round "2"]
[White "Koepke, Carolina"]
[Black "Marcziter, Alex"]
[Result "0-1"]
[WhiteElo "1482"]
[BlackElo "1791"]
[PlyCount "66"]
[EventDate "2023.11.23"]
[EventType "swiss"]
[EventRounds "7"]
[EventCountry "GER"]
[SourceTitle "CB50_2023"]
[SourceDate "2023.12.13"]
[SourceVersion "1"]
[SourceVersionDate "2023.12.13"]
[SourceQuality "1"]

1. d4 f5 2. Nf3 Nf6 3. Bf4 e6 4. e3 d5 5. Nbd2 c6 6. c3 Be7 7. Ne5 0-0 8. h4 Nbd7 9. h5 Nxe5 10. dxe5 Ne4 11. Nf3 c5 12. Bd3 Bd7 13. Qc2 b5 14. Ke2 Ng5 15. Qd2 Ne4 16. Bxe4 fxe4 17. Ne1 a5 18. Nc2 b4 19. b3 bxc3 20. Qxc3 Bb5+ 21. Ke1 d4 22. Qd2 Ba6 23. Kd1 dxe3 24. Bxe3 Qc7 25. Qc3 Rfd8+ 26. Kc1 Rd3 27. Qb2 Rad8 28. Ne1 Rd1+ 29. Kc2 c4 30. Rc1 cxb3+ 31. Kb1 bxa2+ 32. Ka1 Rxc1+ 33. Bxc1 Rd1 0-1

[Event "Heusenstamm Schloss op"]
[Site "Heusenstamm"]
[Date "2023.11.24"]
[Round "3"]
[White "Marcziter, Alex"]
[Black "McAdam, Mark"]
[Result "1/2-1/2"]
[WhiteElo "1791"]
[BlackElo "2037"]
[PlyCount "56"]
[EventDate "2023.11.23"]
[EventType "swiss"]
[EventRounds "7"]
[EventCountry "GER"]
[SourceTitle "CB50_2023"]
[SourceDate "2023.12.13"]
[SourceVersion "1"]
[SourceVersionDate "2023.12.13"]
[SourceQuality "1"]

1. e4 c6 2. d4 d5 3. Nd2 dxe4 4. Nxe4 Bf5 5. Ng3 Bg6 6. h4 h6 7. Nf3 Nd7 8. h5 Bh7 9. Bd3 Bxd3 10. Qxd3 e6 11. Bd2 Ngf6 12. 0-0-0 Be7 13. Ne4 Nxe4 14. Qxe4 Nf6 15. Qe2 Qd5 16. c4 Qe4 17. Qxe4 Nxe4 18. Be3 0-0 19. Nd2 Nd6 20. g4 Rad8 21. f3 Rd7 22. b3 b5 23. Ne4 bxc4 24. Nxd6 Bxd6 25. bxc4 Rb8 26. Kc2 Rdb7 27. Rb1 Rb4 28. c5 Bc7 1/2-1/2

[Event "GER-chT U14"]
[Site "Willingen"]
[Date "2022.08.15"]
[Round "6.7"]
[White "Marcziter, Alex"]
[Black "Walter, Romeo"]
[Result "1-0"]
[WhiteElo "1466"]
[BlackElo "1197"]
[PlyCount "107"]
[EventDate "2022.08.13"]
[EventType "team-swiss"]
[EventRounds "7"]
[EventCountry "GER"]
[SourceTitle "EXT 2023"]
[Source "ChessBase"]
[SourceDate "2022.10.05"]
[SourceVersion "1"]
[SourceVersionDate "2022.10.05"]
[SourceQuality "1"]
[WhiteTeam "Porz SG"]
[BlackTeam "Ostfildern"]
[WhiteTeamCountry "GER"]
[BlackTeamCountry "GER"]

1. e4 c6 2. d4 d5 3. Nd2 dxe4 4. Nxe4 Bf5 5. Ng3 Bg6 6. h4 h6 7. h5 Bh7 8. Nf3 Nd7 9. Bd3 Bxd3 10. Qxd3 e6 11. Bf4 Ngf6 12. 0-0-0 Nd5 13. Bd2 c5 14. Kb1 Qb6 15. c4 Nb4 16. Qe2 cxd4 17. Nxd4 Nc6 18. Be3 Bc5 19. Nc2 Nf6 20. Nf5 Bxe3 21. Nd6+ Ke7 22. Nxe3 g6 23. hxg6 fxg6 24. Rhe1 Kf8 25. Qf3 Kg7 26. Ne4 Rhf8 27. Nxf6 Nd4 28. Qe4 Rad8 29. Nfg4 h5 30. Ne5 Rf6 31. f3 Qc5 32. Nc2 Nc6 33. Rxd8 Nxd8 34. Nd7 Qg5 35. Nxf6 Kxf6 36. f4 Qh4 37. Qe5+ Kf7 38. Qg5 Qxg5 39. fxg5 Nc6 40. b4 Nb8 41. Kb2 Nd7 42. Kc3 e5 43. c5 Ke6 44. Kc4 Kf5 45. Kd5 Kxg5 46. Kd6 Nf6 47. Rxe5+ Kf4 48. Re7 Ne4+ 49. Kc7 Nc3 50. Kxb7 Kg3 51. Rg7 Kxg2 52. Rxg6+ Kh3 53. c6 Nb5 54. c7 1-0

[Event "GER-chT U14"]
[Site "Willingen"]
[Date "2022.08.14"]
[Round "3.1"]
[White "Marcziter, Alex"]
[Black "Tietz, Bennit"]
[Result "1-0"]
[WhiteElo "1466"]
[BlackElo "1696"]
[PlyCount "75"]
[EventDate "2022.08.13"]
[EventType "team-swiss"]
[EventRounds "7"]
[EventCountry "GER"]
[SourceTitle "EXT 2023"]
[Source "ChessBase"]
[SourceDate "2022.10.05"]
[SourceVersion "1"]
[SourceVersionDate "2022.10.05"]
[SourceQuality "1"]
[WhiteTeam "Porz SG"]
[BlackTeam "Hamburger SK"]
[WhiteTeamCountry "GER"]
[BlackTeamCountry "GER"]

1. e4 e5 2. Nf3 Nc6 3. Bc4 Nf6 4. Ng5 d5 5. exd5 Na5 6. Bb5+ Bd7 7. Qe2 Be7 8. Nc3 Bxb5 9. Qxb5+ c6 10. dxc6 Nxc6 11. 0-0 0-0 12. Nge4 Nxe4 13. Nxe4 Nd4 14. Qd3 f5 15. Ng3 e4 16. Qc4+ Kh8 17. Ne2 Nc6 18. d4 exd3 19. Qxd3 Qb6 20. Qb3 Qc7 21. Bf4 Bd6 22. Bxd6 Qxd6 23. Rad1 Qe5 24. Rfe1 Rad8 25. Nc3 Rxd1 26. Rxd1 Re8 27. h3 h6 28. Qxb7 Re6 29. Qd7 Rg6 30. Qd5 Qf4 31. Re1 h5 32. g3 Qd4 33. Qxf5 Kh7 34. Re6 Ne7 35. Rxe7 Kh6 36. Re6 Rxe6 37. Qxe6+ Kh7 38. Qe4+ 1-0

[Event "GER-chT U14"]
[Site "Willingen"]
[Date "2022.08.13"]
[Round "2.5"]
[White "Le, Dinh An"]
[Black "Marcziter, Alex"]
[Result "1/2-1/2"]
[WhiteElo "1470"]
[BlackElo "1466"]
[PlyCount "66"]
[EventDate "2022.08.13"]
[EventType "team-swiss"]
[EventRounds "7"]
[EventCountry "GER"]
[SourceTitle "EXT 2023"]
[Source "ChessBase"]
[SourceDate "2022.10.05"]
[SourceVersion "1"]
[SourceVersionDate "2022.10.05"]
[SourceQuality "1"]
[WhiteTeam "Paderborn"]
[BlackTeam "Porz SG"]
[WhiteTeamCountry "GER"]
[BlackTeamCountry "GER"]

1. d4 f5 2. Nf3 Nf6 3. g3 e6 4. Bg2 c6 5. 0-0 d5 6. c4 Bd6 7. Nc3 0-0 8. a3 Ne4 9. Qc2 Nd7 10. b4 Ndf6 11. c5 Bc7 12. Rd1 Ng4 13. Rf1 Ngf6 14. h3 Qe8 15. Rb1 Qg6 16. Nh4 Qh5 17. Bf3 Qe8 18. Ng2 Kh8 19. a4 Rg8 20. h4 g5 21. Bxe4 gxh4 22. Bf3 hxg3 23. Bf4 gxf2+ 24. Kxf2 Rxg2+ 25. Kxg2 Bxf4 26. Kf2 Ne4+ 27. Bxe4 fxe4 28. Ke1 e5 29. Nd1 Bg3+ 30. Kd2 exd4 31. Rb3 Be5 32. Kc1 Be6 33. Qd2 Qg6 1/2-1/2

[Event "GER-chT U14"]
[Site "Willingen"]
[Date "2022.08.13"]
[Round "1.5"]
[White "Marcziter, Alex"]
[Black "Lipinsky, Pierre"]
[Result "1-0"]
[WhiteElo "1466"]
[BlackElo "1560"]
[PlyCount "53"]
[EventDate "2022.08.13"]
[EventType "team-swiss"]
[EventRounds "7"]
[EventCountry "GER"]
[SourceTitle "EXT 2023"]
[Source "ChessBase"]
[SourceDate "2022.10.05"]
[SourceVersion "1"]
[SourceVersionDate "2022.10.05"]
[SourceQuality "1"]
[WhiteTeam "Porz SG"]
[BlackTeam "Muenchen Tarrasch"]
[WhiteTeamCountry "GER"]
[BlackTeamCountry "GER"]

1. e4 c5 2. Nc3 d6 3. g3 Nf6 4. Bg2 Nc6 5. d3 e6 6. Nh3 h6 7. f4 Bd7 8. 0-0 Qc8 9. Nf2 Be7 10. g4 e5 11. f5 g6 12. Kh1 h5 13. g5 Ng4 14. Nxg4 hxg4 15. Qxg4 Nd4 16. Rf2 gxf5 17. exf5 Bxf5 18. Qg3 Qd7 19. Be3 0-0-0 20. Raf1 Bh3 21. Bxd4 cxd4 22. Nd5 Bxg2+ 23. Qxg2 Rde8 24. Rxf7 Rh5 25. Nf6 Qb5 26. Nxe8 Qxe8 27. Qg4+ 1-0

[Event "GER-ch U10"]
[Site "Willingen"]
[Date "2020.10.28"]
[Round "3"]
[White "Geist, Tim"]
[Black "Marcziter, Alex"]
[Result "0-1"]
[WhiteElo "1578"]
[BlackElo "1401"]
[PlyCount "84"]
[EventDate "2020.10.26"]
[EventType "swiss"]
[EventRounds "7"]
[EventCountry "GER"]
[SourceTitle "CBM 199 Extra"]
[Source "ChessBase"]
[SourceDate "2021.01.31"]
[SourceVersion "1"]
[SourceVersionDate "2021.01.31"]
[SourceQuality "1"]

1. d4 d5 2. Nf3 c6 3. e3 e6 4. Bd3 f5 5. 0-0 Nf6 6. b3 Bd6 7. Bb2 0-0 8. Nbd2 Ne4 9. c4 Nd7 10. Rc1 Qe7 11. c5 Bc7 12. b4 Ndf6 13. Ne5 Nd7 14. Ndf3 g5 15. Nxd7 Bxd7 16. Ne5 Be8 17. a4 Kh8 18. b5 Rg8 19. f3 Nf6 20. Qd2 Qg7 21. e4 f4 22. exd5 exd5 23. Bf5 Rd8 24. Be6 Rf8 25. Rfe1 cxb5 26. axb5 Bxb5 27. c6 bxc6 28. Nxc6 Bxc6 29. Rxc6 Bb6 30. Bf5 Rfe8 31. Ree6 Rxe6 32. Bxe6 Qe7 33. Qd3 Qb4 34. Bc3 Qa4 35. Rc8 Rxc8 36. Bxc8 Qe8 37. Ba6 Qe6 38. h3 Nh5 39. Qe2 Qxe2 40. Bxe2 Ng3 41. Bb5 Kg7 42. Bc6 Ne2+ 0-1

[Event "DSOL 07 Liga Gr-B 1st"]
[Site "Playchess.com INT"]
[Date "2020.07.24"]
[Round "5.1"]
[White "Hunder, Frank"]
[Black "Marcziter, Alex"]
[Result "0-1"]
[WhiteElo "1569"]
[BlackElo "1426"]
[PlyCount "68"]
[EventDate "2020.06.22"]
[EventType "team-tourn (rapid)"]
[EventCountry "GER"]
[SourceTitle "EXT 2021"]
[Source "ChessBase"]
[SourceDate "2020.10.23"]
[SourceVersion "1"]
[SourceVersionDate "2020.10.23"]
[SourceQuality "1"]
[WhiteTeam "Stadtilm Blau Weiss"]
[BlackTeam "Porz SG III"]
[WhiteTeamCountry "GER"]
[BlackTeamCountry "GER"]

1. c4 e6 2. d4 d5 3. e3 Nf6 4. Nc3 c5 5. Nf3 a6 6. Bd2 Nc6 7. a3 cxd4 8. exd4 dxc4 9. Bxc4 Nxd4 10. Be3 Nxf3+ 11. Qxf3 Be7 12. Rd1 Qc7 13. Ba2 0-0 14. 0-0 Bd7 15. Bb1 Bc6 16. Qh3 Rfd8 17. Rc1 Qe5 18. Rfe1 Qh5 19. Qg3 Bd6 20. Bf4 Bxf4 21. Qxf4 Qg4 22. Qxg4 Nxg4 23. h3 Nf6 24. b4 Rd4 25. Ne2 Rd2 26. Ng3 Rad8 27. Bc2 g6 28. Nf1 R2d4 29. Ne3 Kf8 30. Bb1 Nd5 31. Ng4 Nf4 32. f3 Rd2 33. Rc2 Rd1 34. Kf2 Nd3+ 0-1

[Event "DSOL 07 Liga Gr-B 1st"]
[Site "Playchess.com INT"]
[Date "2020.07.10"]
[Round "3.2"]
[White "Marcziter, Alex"]
[Black "Fronk, Andre"]
[Result "1-0"]
[WhiteElo "1426"]
[BlackElo "1330"]
[PlyCount "103"]
[EventDate "2020.06.22"]
[EventType "team-tourn (rapid)"]
[EventCountry "GER"]
[SourceTitle "EXT 2021"]
[Source "ChessBase"]
[SourceDate "2020.10.23"]
[SourceVersion "1"]
[SourceVersionDate "2020.10.23"]
[SourceQuality "1"]
[WhiteTeam "Porz SG III"]
[BlackTeam "Loehne SG"]
[WhiteTeamCountry "GER"]
[BlackTeamCountry "GER"]

1. e4 e5 2. Nf3 d6 3. d4 Nf6 4. Nc3 Nbd7 5. Bc4 h6 6. 0-0 Be7 7. Re1 c6 8. a4 Nb6 9. Ba2 Nh5 10. dxe5 Bg4 11. exd6 Qxd6 12. Qxd6 Bxd6 13. Nd4 0-0-0 14. Be3 Rd7 15. h3 Be6 16. Nxe6 fxe6 17. Bxe6 Nf6 18. a5 Na8 19. Bxa7 Kc7 20. Bxd7 Nxd7 21. Be3 Ne5 22. Ra4 g5 23. Ne2 Nd7 24. Nd4 Be5 25. c3 Kb8 26. Nf5 Nc7 27. Bd4 Na6 28. Bxe5+ Nxe5 29. Rd4 h5 30. Red1 Kc7 31. Ng7 Nc5 32. b4 Ncd7 33. Ne6+ Kc8 34. Nxg5 Rg8 35. f4 Rg7 36. fxe5 Rxg5 37. e6 Nf6 38. e7 Kb8 39. Rd8+ Ka7 40. e8Q Nxe8 41. Rxe8 Rg3 42. Rdd8 Ka6 43. c4 b5 44. Ra8+ Kb7 45. a6+ Kc7 46. a7 Ra3 47. Rac8+ Kb7 48. a8Q+ Rxa8 49. Rxa8 h4 50. Rad8 Kb6 51. Re7 c5 52. Rd6# 1-0

[Event "GER Cup Net Final-C U1600"]
[Site "Playchess.com INT"]
[Date "2020.06.06"]
[Round "5"]
[White "Marcziter, Alex"]
[Black "Burkart, Lloyd Shang"]
[Result "1-0"]
[WhiteElo "1768"]
[BlackElo "1950"]
[PlyCount "67"]
[EventDate "2020.06.06"]
[EventType "swiss (blitz)"]
[EventRounds "13"]
[EventCountry "GER"]
[SourceTitle "CBM 197 Extra"]
[Source "ChessBase"]
[SourceDate "2020.09.30"]
[SourceVersion "1"]
[SourceVersionDate "2020.09.30"]
[SourceQuality "1"]

1. e4 c5 2. Nf3 e6 3. d4 cxd4 4. Nxd4 Nf6 5. Nc3 d6 6. Bc4 a6 7. 0-0 b5 8. Bd3 Bb7 9. Re1 Nbd7 10. a3 Be7 11. Bg5 0-0 12. Kh1 Rc8 13. f4 Qc7 14. f5 e5 15. Nf3 Rfd8 16. Qd2 Nc5 17. Bxf6 Bxf6 18. Bf1 h6 19. Nd5 Be7 20. Nxc7 Rxc7 21. Rad1 Nxe4 22. Qa5 Rdc8 23. c3 Nf2+ 24. Kg1 Nxd1 25. Rxd1 Rc5 26. a4 bxa4 27. Qxa4 e4 28. Nd4 Bg5 29. Re1 e3 30. Nf3 Bxf3 31. gxf3 Rxf5 32. Qxa6 Rcc5 33. Qxd6 Rcd5 34. Qb8+ 1-0

[Event "GER Cup Net Final-C U1600"]
[Site "Playchess.com INT"]
[Date "2020.06.06"]
[Round "13"]
[White "Marcziter, Alex"]
[Black "Kausche, Andre"]
[Result "0-1"]
[WhiteElo "1768"]
[BlackElo "1577"]
[PlyCount "132"]
[EventDate "2020.06.06"]
[EventType "swiss (blitz)"]
[EventRounds "13"]
[EventCountry "GER"]
[SourceTitle "CBM 197 Extra"]
[Source "ChessBase"]
[SourceDate "2020.09.30"]
[SourceVersion "1"]
[SourceVersionDate "2020.09.30"]
[SourceQuality "1"]

1. e4 c5 2. Nf3 d6 3. d4 cxd4 4. Nxd4 Nf6 5. Nc3 a6 6. Bc4 e6 7. 0-0 Be7 8. Be3 b5 9. Bd3 Bb7 10. a3 0-0 11. Kh1 Nc6 12. f4 Nxd4 13. Bxd4 e5 14. fxe5 dxe5 15. Bxe5 Qb6 16. Qe1 Rad8 17. Bg3 Bc5 18. Bf2 Rfe8 19. Bxc5 Qxc5 20. Qe2 Re5 21. Rae1 Rde8 22. h3 Qd4 23. Qe3 Qxe3 24. Rxe3 Nxe4 25. Nxe4 Bxe4 26. Rfe1 f5 27. Bxe4 Rxe4 28. Rxe4 Rxe4 29. Rxe4 fxe4 30. Kg1 Kf7 31. Kf2 Ke6 32. Ke3 Ke5 33. b3 a5 34. c4 bxc4 35. bxc4 a4 36. g3 g5 37. h4 gxh4 38. gxh4 h5 39. c5 Kd5 40. c6 Kxc6 41. Kxe4 Kc5 42. Kf5 Kc4 43. Kg5 Kb3 44. Kxh5 Kxa3 45. Kg6 Kb3 46. Kh7 a3 47. h5 a2 48. h6 a1Q 49. Kg8 Qa8+ 50. Kg7 Qb7+ 51. Kg8 Qc8+ 52. Kg7 Qd7+ 53. Kg8 Qe8+ 54. Kg7 Qe7+ 55. Kg8 Qg5+ 56. Kh7 Kc4 57. Kh8 Qxh6+ 58. Kg8 Qc6 59. Kf7 Qd6 60. Kg7 Kd5 61. Kf7 Ke5 62. Kg7 Kf5 63. Kh7 Kg5 64. Kh8 Qd7 65. Kg8 Kf6 66. Kh8 Qg7# 0-1

[Event "GER Cup Net Final-C U1600"]
[Site "Playchess.com INT"]
[Date "2020.06.06"]
[Round "3"]
[White "Marcziter, Alex"]
[Black "Ruddat, Jarne"]
[Result "1-0"]
[WhiteElo "1768"]
[BlackElo "1586"]
[PlyCount "62"]
[EventDate "2020.06.06"]
[EventType "swiss (blitz)"]
[EventRounds "13"]
[EventCountry "GER"]
[SourceTitle "CBM 197 Extra"]
[Source "ChessBase"]
[SourceDate "2020.09.30"]
[SourceVersion "1"]
[SourceVersionDate "2020.09.30"]
[SourceQuality "1"]

1. e4 c5 2. Nf3 g6 3. d4 cxd4 4. Nxd4 Nc6 5. Nc3 Bg7 6. Be3 Nf6 7. Bc4 0-0 8. 0-0 d6 9. h3 a6 10. a4 Ne5 11. Ba2 d5 12. exd5 b6 13. Nc6 Nxc6 14. dxc6 Qc7 15. Qf3 Rd8 16. Rad1 Rxd1 17. Rxd1 Bf5 18. Bb3 Nh5 19. g4 Bxc3 20. bxc3 Bxc2 21. Qxf7+ Kh8 22. Bd4+ Nf6 23. Bxf6+ exf6 24. Qxf6+ Qg7 25. Qxg7+ Kxg7 26. Rd7+ Kf6 27. Bxc2 Ke6 28. Bb3+ Kf6 29. c7 Rc8 30. Bd5 Ke5 31. Bb7 Rxc7 1-0

[Event "GER Cup Net Final-C U1600"]
[Site "Playchess.com INT"]
[Date "2020.06.06"]
[Round "6"]
[White "Marcziter, Alex"]
[Black "Segermann, Nils"]
[Result "1/2-1/2"]
[WhiteElo "1768"]
[BlackElo "1705"]
[PlyCount "107"]
[EventDate "2020.06.06"]
[EventType "swiss (blitz)"]
[EventRounds "13"]
[EventCountry "GER"]
[SourceTitle "CBM 197 Extra"]
[Source "ChessBase"]
[SourceDate "2020.09.30"]
[SourceVersion "1"]
[SourceVersionDate "2020.09.30"]
[SourceQuality "1"]

1. e4 e6 2. d4 b6 3. Nf3 Bb7 4. Nc3 Bb4 5. Bd3 Nf6 6. Qe2 Bxc3+ 7. bxc3 d5 8. e5 Nfd7 9. 0-0 Nc6 10. Bg5 Ne7 11. Ba6 Bxa6 12. Qxa6 Qc8 13. Qa3 c5 14. Nd2 h6 15. Bh4 Nf5 16. Bg3 Nxg3 17. hxg3 0-0 18. Qb3 c4 19. Qb4 a5 20. Qb5 Rd8 21. Rab1 Qa6 22. Qxa6 Rxa6 23. Nf3 Rb8 24. Rb2 b5 25. Rfb1 Rab6 26. a3 R8b7 27. Kf1 Nb8 28. Ke2 Nc6 29. Ke3 b4 30. cxb4 axb4 31. axb4 Rxb4 32. Rxb4 Rxb4 33. Rxb4 Nxb4 34. Kd2 f6 35. Kc3 Nc6 36. Kb2 Kf7 37. Ka3 g5 38. exf6 Kxf6 39. Ka4 g4 40. Nh2 Nxd4 41. Nxg4+ Kg5 42. Ne3 Kf6 43. Kb4 Nf5 44. Nxf5 Kxf5 45. Kc3 Ke4 46. Kd2 e5 47. f3+ Kd4 48. c3+ Kc5 49. f4 e4 50. Ke3 Kd6 51. g4 Ke6 52. Kd4 Kd6 53. Ke3 Ke6 54. Kd4 1/2-1/2

[Event "GER Pfingstopen U12"]
[Site "Playchess.com INT"]
[Date "2020.06.02"]
[Round "3"]
[White "Lang Pacheco, Nando"]
[Black "Marcziter, Alex"]
[Result "0-1"]
[WhiteElo "1172"]
[BlackElo "1712"]
[PlyCount "82"]
[EventDate "2020.06.02"]
[EventType "swiss (blitz)"]
[EventRounds "11"]
[EventCountry "GER"]
[SourceTitle "CBM 197 Extra"]
[Source "ChessBase"]
[SourceDate "2020.09.30"]
[SourceVersion "1"]
[SourceVersionDate "2020.09.30"]
[SourceQuality "1"]

1. d4 Nf6 2. Bg5 e6 3. e4 Be7 4. e5 Nd5 5. Bxe7 Qxe7 6. Nc3 Nxc3 7. bxc3 d5 8. Bd3 b6 9. Nf3 Ba6 10. 0-0 Bxd3 11. Qxd3 0-0 12. h4 h6 13. Rfe1 c5 14. dxc5 bxc5 15. c4 Rd8 16. Rad1 Nc6 17. c3 Rd7 18. cxd5 Rxd5 19. Qe4 Rad8 20. c4 Rxd1 21. Rxd1 Rxd1+ 22. Kh2 Qd7 23. g4 Nd4 24. g5 Nxf3+ 25. Qxf3 Qd4 26. g6 Qxh4+ 27. Kg2 Qh1+ 28. Kg3 Rg1+ 29. Kf4 Qh4+ 30. Ke3 Qd4+ 31. Ke2 Qd1+ 32. Ke3 Re1+ 33. Kf4 Qxf3+ 34. Kxf3 Rxe5 35. a4 fxg6 36. Kf4 Re1 37. Kg4 Kf7 38. f4 Kf6 39. a5 Ra1 40. f5 gxf5+ 41. Kh5 Rh1# 0-1

[Event "GER Pfingstopen U12"]
[Site "Playchess.com INT"]
[Date "2020.06.02"]
[Round "6"]
[White "Marcziter, Alex"]
[Black "Herrmann, Jakob"]
[Result "1-0"]
[WhiteElo "1712"]
[BlackElo "1620"]
[PlyCount "63"]
[EventDate "2020.06.02"]
[EventType "swiss (blitz)"]
[EventRounds "11"]
[EventCountry "GER"]
[SourceTitle "CBM 197 Extra"]
[Source "ChessBase"]
[SourceDate "2020.09.30"]
[SourceVersion "1"]
[SourceVersionDate "2020.09.30"]
[SourceQuality "1"]

1. e4 c6 2. d4 d5 3. Nd2 dxe4 4. Nxe4 Bf5 5. Ng3 Bg6 6. Nf3 Nd7 7. h4 h6 8. h5 Bh7 9. Bd3 Bxd3 10. Qxd3 Ngf6 11. Bf4 Qa5+ 12. Bd2 Qc7 13. 0-0-0 e6 14. Kb1 0-0-0 15. Qe2 Bd6 16. Ne4 Nxe4 17. Qxe4 Nf6 18. Qe2 Nd5 19. g3 c5 20. c4 Nb6 21. dxc5 Bxc5 22. Bf4 Bd6 23. Bxd6 Rxd6 24. Rxd6 Qxd6 25. c5 Qd5 26. cxb6 axb6 27. Rc1+ Kb8 28. Qe5+ Qxe5 29. Nxe5 f6 30. Nd7+ Ka7 31. Rc3 Rd8 32. Ra3# 1-0

[Event "GER Pfingstopen U12"]
[Site "Playchess.com INT"]
[Date "2020.06.02"]
[Round "9"]
[White "Skembris, Simon Max"]
[Black "Marcziter, Alex"]
[Result "0-1"]
[WhiteElo "1620"]
[BlackElo "1712"]
[PlyCount "118"]
[EventDate "2020.06.02"]
[EventType "swiss (blitz)"]
[EventRounds "11"]
[EventCountry "GER"]
[SourceTitle "CBM 197 Extra"]
[Source "ChessBase"]
[SourceDate "2020.09.30"]
[SourceVersion "1"]
[SourceVersionDate "2020.09.30"]
[SourceQuality "1"]

1. e4 e5 2. Nf3 Nc6 3. Bc4 Nf6 4. Ng5 d5 5. exd5 Na5 6. Bb5+ c6 7. dxc6 bxc6 8. Qf3 Be7 9. Bxc6+ Nxc6 10. Qxc6+ Bd7 11. Qf3 0-0 12. Nc3 Rc8 13. 0-0 Bc6 14. Qe2 Nd5 15. Nxd5 Qxd5 16. Nf3 e4 17. Ne1 Bd6 18. d3 Rfe8 19. Be3 Qe5 20. g3 Qd5 21. d4 Bb5 22. Qd2 Bxf1 23. Kxf1 Qb5+ 24. Kg2 Qxb2 25. Qc1 Qc3 26. Rb1 Ba3 27. Qd2 Qc4 28. Rb3 Bd6 29. Qd1 f5 30. Qh5 Qf7 31. Qxf7+ Kxf7 32. f3 exf3+ 33. Kxf3 Re7 34. d5 Bc5 35. Ng2 Bxe3 36. Nxe3 g6 37. c4 Kf6 38. Rc3 Rec7 39. d6 Rd7 40. c5 Rxd6 41. cxd6 Rxc3 42. Kf4 Ke6 43. g4 fxg4 44. Nxg4 Kxd6 45. Nf6 Ra3 46. Nxh7 Rxa2 47. h4 a5 48. Kg5 Rg2+ 49. Kh6 a4 50. h5 gxh5 51. Kxh5 Rh2+ 52. Kg6 Rxh7 53. Kxh7 a3 54. Kh8 a2 55. Kh7 a1Q 56. Kh6 Qg1 57. Kh7 Ke7 58. Kh8 Kf8 59. Kh7 Qg7# 0-1

[Event "GER Pfingstopen U12"]
[Site "Playchess.com INT"]
[Date "2020.06.02"]
[Round "7"]
[White "Zobel, Christian Erik"]
[Black "Marcziter, Alex"]
[Result "1/2-1/2"]
[WhiteElo "1620"]
[BlackElo "1712"]
[PlyCount "205"]
[EventDate "2020.06.02"]
[EventType "swiss (blitz)"]
[EventRounds "11"]
[EventCountry "GER"]
[SourceTitle "CBM 197 Extra"]
[Source "ChessBase"]
[SourceDate "2020.09.30"]
[SourceVersion "1"]
[SourceVersionDate "2020.09.30"]
[SourceQuality "1"]

1. e4 e5 2. Nf3 Nc6 3. Bc4 Nf6 4. d3 Bc5 5. c3 h6 6. 0-0 d6 7. Nbd2 a6 8. Bb3 Be6 9. h3 Qd7 10. Bxe6 fxe6 11. Re1 0-0 12. Nf1 Qf7 13. Ng3 Ba7 14. Be3 Rad8 15. Bxa7 Nxa7 16. Qb3 b6 17. Rad1 a5 18. d4 exd4 19. Nxd4 Rde8 20. Rd2 Nd7 21. Re3 Ne5 22. Nf3 Ng6 23. Nd4 Ne5 24. Nf3 Nac6 25. Nxe5 Nxe5 26. Nf1 Kh7 27. Nh2 Qf4 28. Rde2 Rf6 29. Nf3 Nxf3+ 30. Rxf3 Qc1+ 31. Kh2 Rxf3 32. gxf3 Qf4+ 33. Kg2 Rf8 34. Re3 Rf6 35. Kf1 Qh2 36. Ke2 Qxh3 37. Qc4 c5 38. Qb5 Qh1 39. Qxb6 Qc1 40. Qb3 c4 41. Qd1 Qxb2+ 42. Qd2 Qxd2+ 43. Kxd2 Kg6 44. Ke2 h5 45. e5 dxe5 46. Rxe5 h4 47. Re4 Kg5 48. Rg4+ Kh5 49. Rxg7 h3 50. Rg1 Rg6 51. Rh1 Kh4 52. f4 Rg2 53. Kf3 Rg8 54. Rh2 Rb8 55. Ke4 Rb2 56. Ke5 Re2+ 57. Kd4 Re1 58. Kxc4 Rg1 59. Kb5 Rg2 60. Rxh3+ Kxh3 61. Kxa5 Rxf2 62. c4 Rxf4 63. c5 Rc4 64. Kb5 Rc2 65. a4 e5 66. a5 e4 67. a6 e3 68. a7 e2 69. a8Q e1Q 70. Qf3+ Qg3 71. Qf5+ Qg4 72. Qxc2 Qd7+ 73. c6 Qd5+ 74. Kb6 Qd4+ 75. Qc5 Qb2+ 76. Qb5 Qd4+ 77. Kb7 Qg7+ 78. c7 Qg2+ 79. Kb8 Qg3 80. Qb6 Kh4 81. Ka8 Qa3+ 82. Kb7 Qf3+ 83. Ka7 Qa3+ 84. Qa6 Qe3+ 85. Kb8 Qb3+ 86. Qb7 Qg3 87. Ka8 Qa3+ 88. Qa7 Qf3+ 89. Kb8 Qb3+ 90. Ka8 Qf3+ 91. Qb7 Qa3+ 92. Kb8 Qg3 93. Kc8 Qg8+ 94. Kd7 Qf7+ 95. Kc6 Qe6+ 96. Kc5 Qe5+ 97. Kb6 Qd4+ 98. Ka6 Qa4+ 99. Kb6 Qb4+ 100. Kc6 Qc4+ 101. Kd7 Qf7+ 102. Kd6 Qf6+ 103. Kc5 1/2-1/2

[Event "GER Cup Net V1 U1600"]
[Site "Playchess.com INT"]
[Date "2020.05.19"]
[Round "5"]
[White "Marcziter, Alex"]
[Black "Hausmann, Heiko"]
[Result "1-0"]
[WhiteElo "1623"]
[BlackElo "1497"]
[PlyCount "91"]
[EventDate "2020.05.19"]
[EventType "swiss (blitz)"]
[EventRounds "9"]
[EventCountry "GER"]
[SourceTitle "EXT 2021"]
[Source "ChessBase"]
[SourceDate "2020.10.23"]
[SourceVersion "1"]
[SourceVersionDate "2020.10.23"]
[SourceQuality "1"]

1. e4 d5 2. exd5 Qxd5 3. Nc3 Qa5 4. d4 c6 5. Nf3 Nf6 6. Bd3 Bg4 7. Be2 e6 8. 0-0 Bd6 9. Bd2 Qc7 10. h3 Bh5 11. Bg5 Nbd7 12. Nd2 Bxe2 13. Qxe2 Qb6 14. Nb3 h6 15. Bh4 Qc7 16. Bxf6 Nxf6 17. Ne4 Nxe4 18. Qxe4 0-0 19. Nd2 Be7 20. Nf3 Bf6 21. Rad1 Rad8 22. c3 Rd5 23. c4 Rd7 24. Ne5 Bxe5 25. dxe5 Rfd8 26. Rxd7 Rxd7 27. Qe2 Rd4 28. f4 Qd7 29. Rf2 c5 30. Qc2 b6 31. Kf1 Qc6 32. f5 Rd1+ 33. Qxd1 exf5 34. Rxf5 Qe4 35. Rf2 Qxe5 36. Qd8+ Kh7 37. Rxf7 Qxb2 38. Qe7 Qa1+ 39. Qe1 Qd4 40. Qf2 Qxc4+ 41. Kg1 Qe6 42. Qf5+ Kg8 43. Qxe6 Kh7 44. Qe7 c4 45. Rxg7+ Kh8 46. Qf8# 1-0

[Event "GER Cup Net V1 U1600"]
[Site "Playchess.com INT"]
[Date "2020.05.19"]
[Round "8"]
[White "Marcziter, Alex"]
[Black "Vollenberg, Joerg"]
[Result "0-1"]
[WhiteElo "1623"]
[BlackElo "1608"]
[PlyCount "58"]
[EventDate "2020.05.19"]
[EventType "swiss (blitz)"]
[EventRounds "9"]
[EventCountry "GER"]
[SourceTitle "EXT 2021"]
[Source "ChessBase"]
[SourceDate "2020.10.23"]
[SourceVersion "1"]
[SourceVersionDate "2020.10.23"]
[SourceQuality "1"]

1. e4 b6 2. d4 Bb7 3. Nc3 e6 4. Bd3 Bb4 5. Nf3 Nf6 6. Qe2 Be7 7. 0-0 d6 8. Bf4 0-0 9. Rad1 Nh5 10. Bg3 Nxg3 11. hxg3 Nd7 12. e5 Rc8 13. Be4 d5 14. Bd3 c5 15. Qe3 c4 16. Be2 Re8 17. Rfe1 Nf8 18. Nd2 a6 19. Qf4 b5 20. a3 Bc6 21. Bh5 g6 22. Bf3 Bg5 23. Qg4 h5 24. Qh3 Nh7 25. g4 Bxd2 26. Rxd2 Qg5 27. Rdd1 h4 28. Be2 Qh6 29. Nb1 Ng5 0-1